200 Most Popular Baby Girl Names Starting with G (2020) - Statistics

General Stats
  • This quiz has been taken 10,126 times
    8,301 since last reset
  • The average score is 73 of 200
Answer Stats
Name % Correct
Grace
86%
Grayce
86%
Gabriel
79%
Gabriele
79%
Gabrielle
79%
Gia
79%
Gina
78%
Georgia
77%
Giorgia
77%
Gracee
76%
Gracey
76%
Graci
76%
Gracie
76%
Gracy
76%
Graycee
76%
Graycie
76%
Greysi
76%
Gabriela
74%
Gabriella
74%
Gabryella
74%
Gavriella
74%
Gem
74%
Gema
71%
Gemma
71%
Geanna
70%
Geonna
70%
Giana
70%
Gianna
70%
Giannah
70%
Gionna
70%
Gyanna
70%
Gabbie
69%
Gabby
69%
Gabi
69%
Gaby
69%
Glori
65%
Glory
65%
Gal
64%
Gwen
63%
Gwynn
63%
Gloria
62%
Gael
58%
Gail
58%
Georgina
58%
Greta
57%
Gretta
57%
Genevie
54%
Gwendalyn
54%
Gwendolen
54%
Gwendolyn
54%
Gwendolynn
54%
Ginny
52%
Glenda
52%
Gray
52%
Grey
52%
Genavieve
51%
Genevieve
51%
Gisel
51%
Gisele
51%
Gisell
51%
Giselle
51%
Gissel
51%
Gissell
51%
Gisselle
51%
Gizelle
51%
Gillian
50%
Georgie
46%
Gertrude
46%
Gladis
46%
Gladys
46%
Gracelyn
43%
Gracelynn
43%
Gracelynne
43%
Graclyn
43%
Gali
42%
Gracelee
42%
Graceleigh
42%
Gracen
40%
Graceyn
40%
Gracyn
40%
Graycen
40%
Graysen
40%
Grayson
40%
Greysen
40%
Greyson
40%
Goldie
38%
Goldy
38%
Gretchen
38%
Gweneth
38%
Gwenyth
38%
Gwyneth
38%
Gala
37%
Geraldine
36%
Genesis
35%
Genessis
35%
Genesys
35%
Genisis
35%
Gennesis
35%
Geovana
35%
Geovanna
35%
Giavana
35%
Giavanna
35%
Giavonna
35%
Giovana
35%
Giovanna
35%
Gaia
34%
Georgiana
34%
Georgianna
34%
Gisela
34%
Gisella
34%
Gigi
33%
Ginger
33%
Giulia
31%
Geneva
29%
Gretel
29%
Grethel
29%
Grettel
29%
Grettell
29%
Giuliana
28%
Giulianna
28%
Guiliana
28%
Guinevere
27%
Gwenevere
27%
Gwenivere
27%
Gwynevere
27%
Giani
26%
Gianni
26%
Gianny
26%
Gionni
26%
Georgette
24%
Golden
23%
Goldyn
23%
Gracia
23%
Grecia
23%
Golda
22%
Galia
20%
Galina
20%
Graciela
20%
Graciella
20%
Germani
19%
Germany
19%
Giavonni
19%
Gila
19%
Giovanni
19%
Gloriana
18%
Glorianna
18%
Grady
18%
Garnet
16%
Greer
15%
Grier
15%
Griselda
15%
Gianina
14%
Giannina
14%
Glenna
14%
Graelyn
14%
Graelynn
14%
Graylyn
14%
Graylynn
14%
Greylynn
14%
Galaxy
13%
Giada
13%
Gilda
13%
Ginevra
13%
Giulietta
12%
Gemini
11%
Gentry
11%
Ghazal
11%
Graylee
11%
Guadalupe
11%
Galilea
9%
Galileah
9%
Griffin
8%
Galiana
7%
Galilee
7%
Gimena
7%
Goddess
7%
Gorgeous
7%
Genova
6%
Gitty
6%
Gianella
5%
Gioia
5%
Gracious
5%
Greenlee
5%
Geisha
4%
Gitel
4%
Gittel
4%
Gabrianna
3%
Getsemani
3%
Gracie-Lynn
3%
Gelila
2%
Genesee
2%
Genoveva
2%
Giabella
2%
Gargi
1%
Gauri
1%
Glendy
1%
Gurleen
1%
Gurnaaz
1%
Gurnoor
1%
Gurbani
0%
No matching quizzes found
Score Distribution
Percent of People with Each Score
Percentile by Number Answered
Your Score History
You have not taken this quiz since the last reset